Missing Word: Songs You Love to Hate Quiz Stats

 Plays Quiz Updated Jun 16, 2017

Support Sporcle.
Go Orange.
Score 0/20 Timer 02:00
0 Plays Today
Category Missing Word % Correct
LoveAlways
97.1%
HateLove
84.3%
LoveBuy
76.8%
LoveTender
73.7%
LoveCost
70.2%
HateEverything
69.7%
LoveLie
68%
HateMyself
66.2%
LoveCrazy
66.2%
HateThin
64.6%
Category Missing Word % Correct
HateTold
63%
HateLike
60.9%
HateShe
55.6%
LoveBaby
51%
LoveOne
41%
LoveBecause
34.6%
HateNow
25.6%
HatePart
25.5%
HatePeople
14.7%
LoveJustify
14.4%

Today's Daily Dose

You're not logged in!

Compare scores with friends on all Sporcle quizzes.
OR
Log In
Forgot?

From the Vault

Remove Ads.
Support Sporcle.
Get the best of Sporcle when you Go Orange. This ad-free experience offers more features, more stats, and more fun while also helping to support Sporcle. Thank you for becoming a member.

Show Comments

Extras

Top Quizzes Today


Score Distribution

Your Account Isn't Verified!

In order to create a playlist on Sporcle, you need to verify the email address you used during registration. Go to your Sporcle Settings to finish the process.

Report this User

Report this user for behavior that violates our Community Guidelines.

Details: